000 00609nam a2200217 a 4500
999 _c6927
_d6927
001 6927
003 BD-JhCC
005 20180201113416.0
008 170930s1986 bg |||| ||a| 000 0 ben d
035 _a(BD-JhCC)6927
040 _aBD-JhCC
_dBD-JhCC
041 _aben
082 _a891.443
_bALI 1986
100 _aআলী, মুরতজা
245 _aমাকড়সা /
_cমুরতজা আলী
260 _aঢাকা :
_bফুলদল প্রকাশনী ;
_c1986.
300 _a95 p. :
_c21 cm.
650 _aBengali Novel
942 _2ddc
_cBK